| 000 | 01040cam a2200289 a 4500 | ||
|---|---|---|---|
| 001 | 000004662 | ||
| 005 | 20200929151458.0 | ||
| 008 | 801028s1975 ag 000 0 spa c | ||
| 035 | _a(DLC)a 57007410 | ||
| 035 | _a(OCoLC)6874796 | ||
| 040 |
_aDO-SdBNP _bspa _cArU _dOCoLC _dDLC _dBNPHU |
||
| 041 | 1 | 7 |
_aspa _hfre _2Código de idioma MARC |
| 082 |
_a842.9 _bG328b, 1975 |
||
| 100 | 1 |
_aGenet, Jean, _d1910-1986. _913603 |
|
| 240 | 1 | 3 |
_aLe balcon : Haute suvetilane : Les bonnes. _lEspañol |
| 245 | 1 | 3 |
_aEl balcón : _bsevera vigilancia, las sirvientas / _cJean Genet ; traducción, Luce Moreau-Arrabal. |
| 250 | _a2a ed. | ||
| 260 |
_aBuenos Aires, (Argentina) : _bLosada, _c1975. |
||
| 300 |
_a195 p. ; _c18 cm. |
||
| 490 | 1 | _aBiblioteca clasica contemporánea | |
| 534 |
_aTítulos originales: _tLe balcon : Haute suvetilane : Les bonnes. |
||
| 650 | 4 |
_aTeatro francés _95359 |
|
| 650 | 4 |
_aLiteratura francesa _91074 |
|
| 830 | 0 |
_aBiblioteca clasica contemporánea. _913604 |
|
| 910 | _aCatalogación por copia / LC | ||
| 049 | _aBNGR | ||
| 999 |
_c4468 _d4468 |
||